000 00769nam a2200265 i 4500
001 C2-0344874
003 PPAK
005 20200227221655.0
008 180115s2017 nyua|||| ||||| | eng d
020 _a9781489642417
040 _aPPAK
_beng
_cPPAK
_erda
082 0 4 _a428.6
_223
090 0 0 _a428.6
_bNUG
_dK
100 1 _aNugent, Samantha,
_eauthor
245 1 0 _aEarthworms
264 1 _aNew York :
_bAV2 by Weigl ,
_c2017
300 _a24 pages :
_bcolour photographs ;
_c22 cm
336 _2rdacontent
_atext
337 _2rdamedia
_aunmediated
338 _2rdacarrier
_avolume
490 1 _aFascinating insects ; Let's read!
650 1 0 _aReaders. ; Earthworms - Juvenile literature.
830 0 _aFascinating insects ; Let's read!
942 _ddc
_cB
999 _c141436
_d141436